| 000 | 00939nam a2200253 a 4500 | ||
|---|---|---|---|
| 001 | 000007922 | ||
| 005 | 20200929154342.0 | ||
| 008 | 970911s1995 cu 000 1 spa d | ||
| 020 | _a9592090947 | ||
| 035 | _a(OCoLC)36830243 | ||
| 040 |
_aDO-SdBNP _cFUG _dDLC |
||
| 042 | _alccopycat | ||
| 082 |
_aCu863.44 _bV648c |
||
| 100 | 1 |
_aVidal, Guillermo, _d1952- _q(Guillermo de Jesús Vidal Ortiz) _921708 |
|
| 245 | 1 | 0 |
_aConfabulación de la araña / _cGuillermo Vidal. |
| 260 |
_aLa Habana : _bUNION, _c1995. |
||
| 300 |
_a65 p. ; _c19 cm. |
||
| 505 | 0 | _aEl señor Márquez -- Las polluelas -- Iceberg -- Hombre acostado en una cama -- El carabinero -- Adalberto Jicotea -- Los jefes se entienden bárbaro -- Confabulación de la araña. | |
| 586 | _aPremio UNEAC cuento, 1990 Luis Felipe Rodríguez . | ||
| 650 | 4 |
_aNovela cubana _92316 |
|
| 650 | 4 |
_aLiteratura cubana _91483 |
|
| 910 | _aCatalogación por copia / LC | ||
| 049 | _aBNGR | ||
| 999 |
_c7700 _d7700 |
||